000 00313nam a2200133Ia 4500
005 20251222141827.0
008 251222s9999||||xx |||||||||||||| ||spa||
020 _a978-612-4031-81-6
082 _a372.5/M47
100 _aMevius, Mónica
245 0 _aArte, Juego y Movimiento
264 _bCentauro
942 _cLIB
999 _c7002
_d7002